Entry Personal Name
Number of records used in: 1
001 - CONTROL NUMBER
003 - CONTROL NUMBER IDENTIFIER
005 - DATE AND TIME OF LATEST TRANSACTION
- control field:
20220723111821.0
008 - FIXED-LENGTH DATA ELEMENTS
- fixed length control field:
950427n| azannaabn |b aaa
010 ## - LIBRARY OF CONGRESS CONTROL NUMBER
- LC control number:
n 95041450
035 ## - SYSTEM CONTROL NUMBER
- System control number:
(OCoLC)oca03824899
035 ## - SYSTEM CONTROL NUMBER
- System control number:
(Uk)003149748
040 ## - CATALOGING SOURCE
- Original cataloging agency:
DLC
- Language of cataloging:
eng
- Description conventions:
rda
- Transcribing agency:
DLC
- Modifying agency:
OCoLC
- Modifying agency:
DLC
- Modifying agency:
DNLM
- Modifying agency:
Uk
046 ## - SPECIAL CODED DATES
- Start period:
19
- End period:
20
100 1# - HEADING--PERSONAL NAME
- Personal name:
Mineka, Susan
370 ## - ASSOCIATED PLACE
- Other associated place:
Evanston (Ill.)
- Source of term:
naf
372 ## - FIELD OF ACTIVITY
- Field of activity:
Psychology
- Source of term:
lcsh
373 ## - ASSOCIATED GROUP
- Associated group:
Northwestern University (Evanston, Ill.)
- Source of term:
naf
374 ## - OCCUPATION
- Occupation:
College teachers
- Source of term:
lcsh
375 ## - GENDER
377 ## - ASSOCIATED LANGUAGE
378 ## - FULLER FORM OF PERSONAL NAME
- Fuller form of personal name:
Susan M.
400 1# - SEE FROM TRACING--PERSONAL NAME
- Personal name:
מוניקה, סוזן
400 1# - SEE FROM TRACING--PERSONAL NAME
- Personal name:
Mineka, Sue
670 ## - SOURCE DATA FOUND
- Source citation:
Abnormal psychology and modern life, 1995:
- Information found:
CIP t.p. (Susan Mineka, Northwestern University)
670 ## - SOURCE DATA FOUND
- Source citation:
Abnormal psychology, c2010:
- Information found:
ECIP t.p. (Sue Mineka) data view (Susan Mineka)
670 ## - SOURCE DATA FOUND
- Source citation:
Abnormal psychology, [2014]:
- Information found:
t.p. (Susan M Mineka)